ბათუმის შოთა რუსთაველის სახელმწიფო უნივერსიტეტის ბიბლიოთეკა

IFLA/UNESCO საჯარო ბიბლიოთეკის მანიფესტი (ბიბ.ჩანაწერი № 52550)

000 -LEADER
fixed length control field 00746nam a2200205Ia 4500
001 - CONTROL NUMBER
control field 19574
003 - CONTROL NUMBER IDENTIFIER
control field GE_BSU
008 - FIXED-LENGTH DATA ELEMENTS--GENERAL INFORMATION
fixed length control field 181216s||||||||xx |||||||||||||| ||und||
040 ## - CATALOGING SOURCE
Transcribing agency GE_BSU
080 ## - UNIVERSAL DECIMAL CLASSIFICATION NUMBER
Universal Decimal Classification number 02
245 ## - TITLE STATEMENT
Title IFLA/UNESCO საჯარო ბიბლიოთეკის მანიფესტი
250 ## - EDITION STATEMENT
Edition statement საქ. პარლამენტის ეროვნული ბიბლ-კა
260 ## - PUBLICATION, DISTRIBUTION, ETC.
Place of publication, distribution, etc. თბილისი
260 ## - PUBLICATION, DISTRIBUTION, ETC.
Name of publisher, distributor, etc. საქ. პარლამ. ეროვნული ბიბლიოთეკა
260 ## - PUBLICATION, DISTRIBUTION, ETC.
Date of publication, distribution, etc. 2008
300 ## - PHYSICAL DESCRIPTION
Extent 12გვ.
653 ## - INDEX TERM--UNCONTROLLED
Uncontrolled term IFLA/UNESCO საჯარო ბიბლიოთეკის მანიფესტი
942 ## - ADDED ENTRY ELEMENTS (KOHA)
Koha item type წიგნი
ეგზემპლარები
Withdrawn status Lost status Damaged status Not for loan Date acquired Barcode Date last seen Price effective from Koha item type Public note
        2018-12-17 00387 ქსეროქსი 2018-12-17 2018-12-17 წიგნი ქსეროქსი